|
|
|
|
| LEADER |
02735nam a2200721 i 4500 |
| 001 |
nkc20172963177 |
| 003 |
CZ PrNK |
| 005 |
20180531113109.0 |
| 007 |
ta |
| 008 |
171219s2017 xr f 000 0 cze |
| 015 |
|
|
|a cnb002963177
|
| 020 |
|
|
|a 978-80-7571-008-6
|q (brožováno)
|
| 035 |
|
|
|a (OCoLC)1022792152
|
| 040 |
|
|
|a BOA001
|b cze
|e rda
|
| 041 |
0 |
|
|a cze
|b eng
|
| 043 |
|
|
|a e-xr---
|
| 045 |
|
|
|a y0y1
|
| 072 |
|
7 |
|a 364-1/-7
|x Druhy sociální pomoci a služeb
|2 Konspekt
|9 18
|
| 080 |
|
|
|a (=214.58)
|2 MRF
|
| 080 |
|
|
|a 316.334.55/.56:364.624.4
|2 MRF
|
| 080 |
|
|
|a 364-78
|2 MRF
|
| 080 |
|
|
|a 364-43-787
|2 MRF
|
| 080 |
|
|
|a 364-787
|2 MRF
|
| 080 |
|
|
|a 303.442.23
|2 MRF
|
| 080 |
|
|
|a 572.026
|2 MRF
|
| 080 |
|
|
|a (437.3)
|2 MRF
|
| 080 |
|
|
|a (048.8:082)
|2 MRF
|
| 100 |
1 |
|
|a Levínská, Markéta
|7 jx20120221021
|4 aut
|
| 245 |
1 |
0 |
|a Dohled a okraj: rozhodovací procesy /
|c Markéta Levínská, Dana Bittnerová, David Doubek
|
| 246 |
3 |
0 |
|a Rozhodovací procesy
|
| 250 |
|
|
|a Vydání 1.
|
| 264 |
|
1 |
|a Praha :
|b Fakulta humanitních studií Univerzity Karlovy,
|c 2017
|
| 300 |
|
|
|a 244 stran ;
|c 21 cm
|
| 336 |
|
|
|a text
|b txt
|2 rdacontent
|
| 337 |
|
|
|a bez média
|b n
|2 rdamedia
|
| 338 |
|
|
|a svazek
|b nc
|2 rdacarrier
|
| 504 |
|
|
|a Obsahuje bibliografii a bibliografické odkazy
|
| 546 |
|
|
|a Anglické resumé
|
| 648 |
|
4 |
|a 2008-2015
|
| 648 |
|
7 |
|a 21. století
|7 ch460559
|2 czenas
|
| 650 |
0 |
7 |
|a Romové
|7 ph118051
|z Česko
|y 21. století
|2 czenas
|
| 650 |
0 |
7 |
|a sociálně vyloučené lokality
|7 ph941068
|z Česko
|y 21. století
|2 czenas
|
| 650 |
0 |
7 |
|a sociální práce
|7 ph125805
|z Česko
|y 21. století
|2 czenas
|
| 650 |
0 |
7 |
|a terénní sociální pracovníci
|7 ph270774
|z Česko
|y 21. století
|2 czenas
|
| 650 |
0 |
7 |
|a pomáhající chování
|7 ph124334
|2 czenas
|
| 650 |
0 |
7 |
|a terénní výzkum
|7 ph496683
|z Česko
|y 21. století
|2 czenas
|
| 650 |
0 |
7 |
|a kulturní antropologie
|7 ph122018
|2 czenas
|
| 650 |
0 |
9 |
|a Romanies
|z Czechia
|y 21st century
|2 eczenas
|
| 650 |
0 |
9 |
|a sites of social exclusion
|z Czechia
|y 21st century
|2 eczenas
|
| 650 |
0 |
9 |
|a social work
|z Czechia
|y 21st century
|2 eczenas
|
| 650 |
0 |
9 |
|a field social workers
|z Czechia
|y 21st century
|2 eczenas
|
| 650 |
0 |
9 |
|a helping behavior
|2 eczenas
|
| 650 |
0 |
9 |
|a field research
|z Czechia
|y 21st century
|2 eczenas
|
| 650 |
0 |
9 |
|a cultural anthropology
|2 eczenas
|
| 655 |
|
7 |
|a kolektivní monografie
|7 fd501537
|2 czenas
|
| 655 |
|
9 |
|a collective monographs
|2 eczenas
|
| 700 |
1 |
|
|a Bittnerová, Dana,
|d 1966-
|7 mzk2004230807
|4 aut
|
| 700 |
1 |
|
|a Doubek, David,
|d 1971-
|7 jx20120221008
|4 aut
|
| 910 |
2 |
|
|a BOA001
|b 2-1401.099
|
| 990 |
|
|
|a BK
|
| 995 |
|
|
|a 01
|
| 991 |
|
|
|b 201801
|c NOV
|
| 996 |
6 |
|
|b 2610730276
|c 2-1401.099
|l MZK
|r Sklad / do 1 hodiny
|n 1
|p p.v.
|w 001645870
|u 000010
|a 1
|e BOA001
|j MZK50
|s P
|